|
|
|
|
| LEADER |
00884nam a22002537a 4500 |
| 001 |
AAL2803 |
| 003 |
BD-DhAAL |
| 005 |
20160123192804.0 |
| 008 |
160123b 2000enk||||| |||| 00| 0 eng d |
| 020 |
|
|
|a 0582299X
|
| 040 |
|
|
|a BD-DhAAL
|c BD-DhAAL
|
| 082 |
|
|
|a 949.703
|
| 100 |
|
|
|a Bont, Ad de
|9 17523
|
| 245 |
|
|
|a Mirad, a boy from Bosnia /
|c Ad de Bont
|
| 260 |
|
|
|a Harlow :
|b Longman,
|c 2000.
|
| 300 |
|
|
|a 157 pages ;
|c 21 cm.
|
| 490 |
|
|
|a New century readers.
|
| 541 |
|
|
|e 2803
|
| 600 |
|
|
|a Yugoslav War,
|d 1991-1995
|x Refugees
|x Juvenile drama.
|9 17524
|
| 650 |
|
|
|a Children's plays, Dutch
|x Translations into English.
|9 17525
|
| 650 |
|
|
|a Children's plays, Dutch.
|9 17526
|
| 942 |
|
|
|2 ddc
|c BK
|
| 999 |
|
|
|c 36667
|d 36667
|
| 952 |
|
|
|0 0
|1 0
|2 ddc
|4 0
|6 949_703000000000000_BON
|7 0
|9 57676
|a SCL
|b SCL
|c GEN
|d 2016-01-23
|l 9
|m 38
|o 949.703 BON
|p 3020002803
|r 2020-02-10
|s 2020-01-16
|t 1
|w 2016-01-23
|y BK
|